000 00380nam a2200169Ia 4500
001 7872
003 IN-NITTTR
005 20251114233032.0
008 251113s9999||||xx |||||||||||||| ||eng||
040 _beng
040 _cIN-NITTTR
041 _aeng
082 _a620.1 K475B
100 _aHuang, Kerson
245 0 _aStatistical mechanics /
_cHuang, Kerson
942 _2ddc
_cBK
999 _c10510
_d10510